[Event "EU-ch 19th"]
[Site "Batumi"]
[Date "2018.03.22"]
[Round "6"]
[White "Morozov, Vitalij"]
[Black "Akhvlediani, Irakli"]
[Result "0-1"]
[WhiteElo "2039"]
[BlackElo "2318"]
[PlyCount "52"]
[EventDate "2018.03.17"]
[EventType "swiss"]
[EventRounds "11"]
[EventCountry "GEO"]
[SourceTitle "CBM 184"]
[Source "ChessBase"]
[SourceDate "2018.05.16"]
[SourceVersion "1"]
[SourceVersionDate "2018.05.16"]
[SourceQuality "1"]

1. e4 c6 2. c4 d5 3. exd5 cxd5 4. cxd5 Nf6 5. Qa4+ Nbd7 6. Nc3 g6 7. Nf3 Bg7 8. Bc4 0-0 9. d3 a6 10. Qa3 Nb6 11. Qb3 Bg4 12. Ne5 Bf5 13. 0-0 Qc7 14. Re1 Nbd7 15. Nxd7 Bxd7 16. a4 Ng4 17. g3 Bd4 18. Re2 b5 19. axb5 Nxf2 20. Rxf2 Qb6 21. Qc2 axb5 22. Ba2 b4 23. Kg2 Bxf2 24. Qxf2 Qxf2+ 25. Kxf2 bxc3 26. d6 exd6 0-1

[Event "EU-ch 19th"]
[Site "Batumi"]
[Date "2018.03.18"]
[Round "2"]
[White "Morozov, Vitalij"]
[Black "Bashirli, Nail Qoshqar"]
[Result "0-1"]
[WhiteElo "2039"]
[BlackElo "2384"]
[PlyCount "105"]
[EventDate "2018.03.17"]
[EventType "swiss"]
[EventRounds "11"]
[EventCountry "GEO"]
[SourceTitle "CBM 184"]
[Source "ChessBase"]
[SourceDate "2018.05.16"]
[SourceVersion "1"]
[SourceVersionDate "2018.05.16"]
[SourceQuality "1"]

1. e4 Nf6 2. e5 Nd5 3. d4 d6 4. c4 Nb6 5. exd6 cxd6 6. Nc3 g6 7. Be3 Bg7 8. Rc1 0-0 9. b3 Bf5 10. Nf3 d5 11. cxd5 Nxd5 12. Nxd5 Qxd5 13. Bc4 Qd6 14. Ne5 Bxe5 15. dxe5 Qxe5 16. Qd5 Nc6 17. Qxe5 Nxe5 18. Ke2 Rfc8 19. Rhd1 Nxc4 20. Rxc4 Rxc4 21. bxc4 f6 22. c5 Kf7 23. Rd4 Be6 24. a3 Rc8 25. Ra4 a6 26. f3 Bd5 27. Rb4 Bc6 28. Rh4 h5 29. Rb4 g5 30. Kf2 a5 31. Rb2 Ke6 32. Rd2 Kf5 33. Rd4 e5 34. Rd6 g4 35. Bd2 a4 36. Ba5 e4 37. fxe4+ Bxe4 38. Bb4 h4 39. g3 h3 40. Kf1 Bf3 41. Kf2 Re8 42. Rd2 Re4 43. Rd5+ Kg6 44. Rd2 Rc4 45. Ke3 Kf5 46. Kd3 Rc1 47. Bc3 Rh1 48. Ke3 Bg2 49. Rf2+ Ke6 50. Rxf6+ Kd5 51. Rf2 Rxh2 52. Kf4 Rh1 53. Kxg4 0-1

[Event "Krakow op-A 26th"]
[Site "Krakow"]
[Date "2016.01.02"]
[Round "6"]
[White "Morozov, Vitalij"]
[Black "Molenda, Marcin"]
[Result "0-1"]
[WhiteElo "1992"]
[BlackElo "2229"]
[PlyCount "130"]
[EventDate "2015.12.27"]
[EventType "swiss"]
[EventRounds "9"]
[EventCountry "POL"]
[SourceTitle "CBM 170 Extra"]
[Source "ChessBase"]
[SourceDate "2016.02.25"]
[SourceVersion "1"]
[SourceVersionDate "2016.02.25"]
[SourceQuality "1"]

1. e4 c5 2. f4 Nc6 3. Nf3 g6 4. Bb5 Bg7 5. Bxc6 bxc6 6. c4 d6 7. Nc3 Nf6 8. 0-0 0-0 9. d3 Rb8 10. Qe1 Bg4 11. Qh4 Bxf3 12. Rxf3 e6 13. f5 Nd7 14. Qh3 exf5 15. exf5 Qe7 16. Bh6 Rxb2 17. Ne4 f6 18. fxg6 hxg6 19. Bf4 Ne5 20. Rg3 Rfb8 21. Bxe5 Qxe5 22. Rxg6 Rb1+ 23. Rxb1 Rxb1+ 24. Kf2 Qf4+ 25. Qf3 Rb2+ 26. Kg1 Qc1+ 27. Qf1 Qxf1+ 28. Kxf1 Kf7 29. Rg3 Bf8 30. Rf3 Be7 31. Rf2 Rb1+ 32. Ke2 Ke6 33. g4 d5 34. Nc3 Rh1 35. Nd1 Bd6 36. Rg2 Rxh2 37. Rxh2 Bxh2 38. Ne3 Bf4 39. Nf5 Bg5 40. Kf3 a6 41. Ke2 Bc1 42. Kd1 Bf4 43. Ke2 Bg5 44. Kf3 Ke5 45. Ke2 dxc4 46. dxc4 Ke4 47. Kd1 Kd3 48. Ne7 Kxc4 49. Kc2 Kb5 50. Kb3 c4+ 51. Kc3 Bf4 52. Ng6 Bd6 53. Nh4 Be5+ 54. Kc2 Kc5 55. Nf3 Bf4 56. Kc3 Kd5 57. Ne1 Be5+ 58. Kd2 Ke4 59. Nc2 c5 60. Na3 c3+ 61. Kc2 Kf3 62. Nc4 Kxg4 63. a4 Bd4 64. a5 f5 65. Nd6 f4 0-1

[Event "Krakow op-A 26th"]
[Site "Krakow"]
[Date "2015.12.31"]
[Round "5"]
[White "Morozov, Vitalij"]
[Black "Gumularz, Szymon"]
[Result "0-1"]
[WhiteElo "1992"]
[BlackElo "2258"]
[PlyCount "44"]
[EventDate "2015.12.27"]
[EventType "swiss"]
[EventRounds "9"]
[EventCountry "POL"]
[SourceTitle "CBM 170 Extra"]
[Source "ChessBase"]
[SourceDate "2016.02.25"]
[SourceVersion "1"]
[SourceVersionDate "2016.02.25"]
[SourceQuality "1"]

1. e4 d6 2. d4 Nf6 3. Nc3 e5 4. dxe5 dxe5 5. Qxd8+ Kxd8 6. a3 Bd6 7. Bd3 c6 8. Nge2 Ke7 9. f4 Nbd7 10. h3 exf4 11. Nxf4 Ne5 12. Nce2 g5 13. g3 gxf4 14. gxf4 Nxd3+ 15. cxd3 Bc7 16. Be3 Bb6 17. Bd2 Rg8 18. Bc3 Nh5 19. d4 f5 20. Bb4+ Kf7 21. e5 Be6 22. Kf2 Bc4 0-1

[Event "Krakow op-A 26th"]
[Site "Krakow"]
[Date "2015.12.30"]
[Round "4"]
[White "Lys, Josef"]
[Black "Morozov, Vitalij"]
[Result "0-1"]
[WhiteElo "2201"]
[BlackElo "1992"]
[PlyCount "86"]
[EventDate "2015.12.27"]
[EventType "swiss"]
[EventRounds "9"]
[EventCountry "POL"]
[SourceTitle "CBM 170 Extra"]
[Source "ChessBase"]
[SourceDate "2016.02.25"]
[SourceVersion "1"]
[SourceVersionDate "2016.02.25"]
[SourceQuality "1"]

1. d4 f5 2. e4 fxe4 3. Nc3 Nf6 4. f3 d5 5. fxe4 dxe4 6. Bg5 Bf5 7. Qd2 e5 8. d5 h6 9. Bh4 Bc5 10. 0-0-0 e3 11. Qe1 Nbd7 12. Bd3 Bxd3 13. Rxd3 g5 14. Bg3 Qe7 15. Nd1 e4 16. Rb3 Nxd5 17. Nc3 Nxc3 18. Qxc3 0-0-0 19. Ne2 Rhe8 20. Nd4 Qf6 21. Nb5 Qxc3 22. Rxc3 c6 23. b4 cxb5 24. bxc5 Ne5 25. Rxe3 Nc4 26. Rc3 Kd7 27. a4 a6 28. h4 Kc6 29. hxg5 hxg5 30. Bd6 e3 31. Re1 b6 32. axb5+ axb5 33. Rd3 bxc5 34. Bh2 Ra8 35. Rb3 Ra1+ 36. Rb1 Rea8 37. Bg1 Nd2 38. Bxe3 Rxb1+ 39. Kxd2 Rxe1 40. Kxe1 Re8 41. Kf2 Rxe3 42. Kxe3 Kd5 43. Kd3 b4 0-1

[Event "Krakow op-A 26th"]
[Site "Krakow"]
[Date "2015.12.29"]
[Round "3"]
[White "Lagashin, Pavel"]
[Black "Morozov, Vitalij"]
[Result "0-1"]
[WhiteElo "2139"]
[BlackElo "1992"]
[PlyCount "62"]
[EventDate "2015.12.27"]
[EventType "swiss"]
[EventRounds "9"]
[EventCountry "POL"]
[SourceTitle "CBM 170 Extra"]
[Source "ChessBase"]
[SourceDate "2016.02.25"]
[SourceVersion "1"]
[SourceVersionDate "2016.02.25"]
[SourceQuality "1"]

1. d4 f5 2. e4 fxe4 3. Nc3 Nf6 4. Bg5 Nc6 5. d5 Ne5 6. Qd4 Nf7 7. Nh3 c6 8. 0-0-0 Qb6 9. Bxf6 gxf6 10. Qxe4 d6 11. Be2 Bh6+ 12. Kb1 f5 13. Qh4 Bg7 14. Na4 Qc7 15. Bh5 0-0 16. Rhe1 Bf6 17. Qg3+ Kh8 18. Qb3 c5 19. c4 b5 20. cxb5 Qa5 21. f4 Nd8 22. Ng5 a6 23. Qh3 h6 24. b6 Rb8 25. Re3 Qxa4 26. Be2 Bg7 27. Rxe7 Qxf4 28. Ne6 Nxe6 29. dxe6 Rxb6 30. b3 Qe5 31. Rd2 Qa1+ 0-1

[Event "EU-ch rapid"]
[Site "Minsk"]
[Date "2015.12.19"]
[Round "1"]
[White "Short, Nigel D"]
[Black "Morozov, Vitalij"]
[Result "1-0"]
[WhiteElo "2684"]
[BlackElo "1992"]
[PlyCount "59"]
[EventDate "2015.12.19"]
[EventType "swiss (rapid)"]
[EventRounds "11"]
[EventCountry "BLR"]
[SourceTitle "EXT 2017"]
[Source "ChessBase"]
[SourceDate "2016.10.25"]
[SourceVersion "1"]
[SourceVersionDate "2016.10.25"]
[SourceQuality "1"]

1. c4 e5 2. Nc3 Nc6 3. Nf3 f5 4. d4 e4 5. d5 exf3 6. dxc6 dxc6 7. Qxd8+ Kxd8 8. gxf3 Bd6 9. Rg1 Bxh2 10. Rxg7 Be5 11. Rg1 f4 12. Rg5 Bf6 13. Rh5 Be6 14. Bxf4 Bxc4 15. 0-0-0+ Ke8 16. Bxc7 Ne7 17. Ne4 Bg7 18. Be5 Kf8 19. Rd7 Rg8 20. Bd6 Re8 21. Rf5+ Bf7 22. Ng5 Bf6 23. Nxh7+ Kg7 24. Rxf6 Rh8 25. Bxe7 Rxh7 26. Bd8 Rh1 27. Rfxf7+ Kg8 28. Rg7+ Kh8 29. Bf6 Rxf1+ 30. Kd2 1-0

[Event "UKR-ch sf"]
[Site "Alushta"]
[Date "2011.05.05"]
[Round "3"]
[White "Arkhipov, Vladimir"]
[Black "Morozov, Vitalij"]
[Result "1/2-1/2"]
[WhiteElo "2152"]
[BlackElo "1961"]
[PlyCount "174"]
[EventDate "2011.05.03"]
[EventType "swiss"]
[EventRounds "9"]
[EventCountry "UKR"]
[SourceTitle "CBM 142 Extra"]
[Source "ChessBase"]
[SourceDate "2011.06.27"]
[SourceVersion "1"]
[SourceVersionDate "2011.06.27"]
[SourceQuality "1"]

1. Nf3 f5 2. d3 Nc6 3. e4 d6 4. exf5 Bxf5 5. d4 Nf6 6. Bc4 e5 7. dxe5 Nxe5 8. Nxe5 dxe5 9. Qe2 Qd4 10. Nd2 Bxc2 11. 0-0 Bd6 12. Re1 0-0-0 13. Nf3 Qe4 14. Be3 Ba4 15. Ng5 Qg6 16. Bf7 Qc2 17. Be6+ Kb8 18. Qxc2 Bxc2 19. Nf7 Rde8 20. Nxh8 Rxe6 21. Nf7 h6 22. Nxd6 cxd6 23. f3 Ba4 24. Bd2 Bc6 25. Rad1 Ne8 26. Bc3 Kc7 27. Kf2 Rf6 28. Rd2 Rf7 29. Ke3 Re7 30. Kd3 Re6 31. Kc2 Re7 32. b3 Re6 33. a4 Re7 34. Kb2 Re6 35. Ka3 Kc8 36. Rc2 a6 37. b4 Kd7 38. Rb2 Nc7 39. Rbe2 b5 40. a5 Rg6 41. Rc1 Bd5 42. Rd2 Re6 43. Rcd1 Kc6 44. f4 exf4 45. Bxg7 Bc4 46. Bd4 Nd5 47. Rf2 Re4 48. Rdd2 Re3+ 49. Bxe3 fxe3 50. Rc2 exf2 51. Rxf2 Ne3 52. Rf6 h5 53. Rh6 Nc2+ 54. Kb2 Nxb4 55. Rxh5 d5 56. h4 Nd3+ 57. Kb1 b4 58. Rh8 Kc5 59. h5 Kd4 60. h6 Ne5 61. Kb2 Bd3 62. Rg8 Nc6 63. Rg7 Nxa5 64. h7 Bxh7 65. Rxh7 Nc4+ 66. Kb3 a5 67. g4 Nd2+ 68. Kc2 Nc4 69. g5 a4 70. g6 b3+ 71. Kc1 a3 72. Rh4+ Ke5 73. Rxc4 dxc4 74. g7 a2 75. Kb2 c3+ 76. Kxb3 a1Q 77. g8Q Qb2+ 78. Ka4 Kd4 79. Qd8+ Kc4 80. Qc8+ Kd3 81. Qf5+ Kd2 82. Qf2+ Kc1 83. Qe1+ Kc2 84. Qe4+ Kd2 85. Qg2+ Ke1 86. Qg1+ Kd2 87. Qf2+ Kc1 1/2-1/2